000 00573nam a2200181Ia 4500
008 090122s9999 xx 000 0 und d
082 _b1544
_a891.4681
100 _aकुसुमाग्रज
245 _aविशाखा
260 _bकॉन्टिनेन्टल
_c1942
300 _a111
501 _aदेणगी - श्री भवसार यांजकडून
600 _aकुसुमाग्रज
630 _aविशाखा
700 _aकुसुमाग्रज
730 _aविशाखा
942 _cBOOK
999 _c25622
_d25622